000 00401cam a2200145ua 4500
041 _aeng
_h
082 _a323.6
_bWIL/CI
100 _aWillat, J .
245 _aCitizenship: Responsibilities and Pvivileges of the India Citizen /
_cWillat J.
_hTextual Documents
260 _aMumbai :
_bOxford & IBH Book Company ,
_c1946.
300 _a187 ; .
504 _a
942 _cBK
999 _c12402
_d12402